Normal view
MARC view
- Faiz̤, Faiz̤ Aḥmad,
Entry Personal Name
001 - CONTROL NUMBER
- control field: 100082
003 - CONTROL NUMBER IDENTIFIER
- control field: NUST
005 - DATE AND TIME OF LATEST TRANSACTION
- control field: 20221013094013.0
008 - FIXED-LENGTH DATA ELEMENTS
- fixed length control field: 221013|| aca||aabn | a|a d
040 ## - CATALOGING SOURCE
- Original cataloging agency: NUST
- Transcribing agency: NUST
100 ## - HEADING--PERSONAL NAME
- Personal name: Faiz̤, Faiz̤ Aḥmad,
- Dates associated with a name: 1911-1984
670 ## - SOURCE DATA FOUND
- Source citation: Work cat.: (NUST)48258: Faiz̤, Faiz̤ Aḥmad, 1911-1984., Culture and identity :, 2005.
